UK office market outlook (Record no. 84011)
[ view plain ]
| 000 -LEADER | |
|---|---|
| fixed length control field | 01314cad a22002295a 4500 |
| 001 - CONTROL NUMBER | |
| control field | L156437 |
| 008 - FIXED-LENGTH DATA ELEMENTS--GENERAL INFORMATION | |
| fixed length control field | 120521s2012 xxk 000 0 eng d |
| 035 ## - SYSTEM CONTROL NUMBER | |
| System control number | (Sirsi) u156437 |
| 041 0# - LANGUAGE CODE | |
| Language code of text/sound track or separate title | eng |
| 110 2# - MAIN ENTRY--CORPORATE NAME | |
| Corporate name or jurisdiction name as entry element | Jones Lang LaSalle |
| 9 (RLIN) | 3755 |
| 245 00 - TITLE STATEMENT | |
| Title | UK office market outlook |
| Medium | [electronic resource] |
| 260 ## - PUBLICATION, DISTRIBUTION, ETC. | |
| Place of publication, distribution, etc. | London |
| Name of publisher, distributor, etc. | JLL |
| Date of publication, distribution, etc. | 2012 |
| 490 #0 - SERIES STATEMENT | |
| Series statement | Jones Lang LaSalle UK Office Market Outlook |
| Volume/sequential designation | Q1 2012 May 2012 |
| 520 ## - SUMMARY, ETC. | |
| Summary, etc. | Economic concerns dampened office take-up across the UK regions and employment projections suggest an unremarkable year for take-up although the Olympics could boost H2 2012 figures. 2012 will see greater pressure on Grade A supply caused by limited development and developers struggling to finance speculative projests. Rental polarisation will intensify in 2012 with the gap between prime and secondary quality stock and locations expanding. |
| 520 ## - SUMMARY, ETC. | |
| Summary, etc. | Statistical summary - UK office rental clock - UK outlook - Birmingham - Bristol - Cardiff - Leeds - Manchester - Western Corridor -Edinburgh - Glasgow - Definitions. |
| 590 ## - LOCAL NOTE (RLIN) | |
| Local note | KA |
| 651 #4 - SUBJECT ADDED ENTRY--GEOGRAPHIC NAME | |
| Geographic name | England |
| 651 #4 - SUBJECT ADDED ENTRY--GEOGRAPHIC NAME | |
| Geographic name | Scotland |
| 690 ## - LOCAL SUBJECT ADDED ENTRY--TOPICAL TERM (OCLC, RLIN) | |
| Topical term or geographic name as entry element | Commercial property |
| 9 (RLIN) | 6227 |
| 856 40 - ELECTRONIC LOCATION AND ACCESS | |
| Uniform Resource Identifier | <a href="https://www.joneslanglasalle.co.uk/UnitedKingdom/EN-GB/Pages/ResearchFilter.aspx">https://www.joneslanglasalle.co.uk/UnitedKingdom/EN-GB/Pages/ResearchFilter.aspx</a> |
| Public note | View the report at www.joneslanglasalle.co.uk |
| 942 ## - ADDED ENTRY ELEMENTS (KOHA) | |
| Suppress in OPAC | 0 |
| Withdrawn status | Lost status | Source of classification or shelving scheme | Damaged status | Not for loan | Home library | Current library | Shelving location | Date acquired | Total Checkouts | Full call number | Barcode | Date last seen | Copy number | Price effective from | Koha item type |
|---|---|---|---|---|---|---|---|---|---|---|---|---|---|---|---|
| Dewey Decimal Classification | Virtual | Virtual | Online | 21/05/2012 | ONLINE PUBLICATION | 156437-2001 | 06/08/2019 | 1 | 06/08/2019 | Book |